The Ugly Five. (Record no. 493)

MARC details
000 -LEADER
fixed length control field 00837 a2200253 i 4500
001 - CONTROL NUMBER
control field 493
003 - CONTROL NUMBER IDENTIFIER
control field MePoLT
005 - DATE AND TIME OF LATEST TRANSACTION
control field 20230511155525.0
008 - FIXED-LENGTH DATA ELEMENTS--GENERAL INFORMATION
fixed length control field 230502b cb ||||| |||| 00| 0 eng d
020 ## - INTERNATIONAL STANDARD BOOK NUMBER
International Standard Book Number 9781407184630
040 ## - CATALOGING SOURCE
Original cataloging agency MePoLT
Transcribing agency MePoLT
Description conventions rda
050 ## - LIBRARY OF CONGRESS CALL NUMBER
Classification number PZ7
082 ## - DEWEY DECIMAL CLASSIFICATION NUMBER
Classification number 823.92
090 #4 - LOCALLY ASSIGNED LC-TYPE CALL NUMBER (OCLC); LOCAL CALL NUMBER (RLIN)
Classification number (OCLC) (R) ; Classification number, CALL (RLIN) (NR) D6758
100 1# - MAIN ENTRY--PERSONAL NAME
Personal name Donaldson, Julia.
245 10 - TITLE STATEMENT
Title The Ugly Five.
264 #1 - PRODUCTION, PUBLICATION, DISTRIBUTION, MANUFACTURE, AND COPYRIGHT NOTICE
Name of producer, publisher, distributor, manufacturer Alison Green Books,
Date of production, publication, distribution, manufacture, or copyright notice 2018.
300 ## - PHYSICAL DESCRIPTION
Extent 16 leaves of plates :
Dimensions 23 x 30 cm.
505 ## - FORMATTED CONTENTS NOTE
Formatted contents note K
520 ## - SUMMARY, ETC.
Summary, etc. Five of the ugliest animals set out on a fun and educational adventure to discover if anyone out there could possibly find them attractive. The plains of the savannah are home to some of the world's most majestic creatures, but this is not a book about them.
521 8# - TARGET AUDIENCE NOTE
Target audience note 620 <br/>
Source Lexile
521 8# - TARGET AUDIENCE NOTE
Target audience note K <br/>
Source Raz-Plus
942 ## - ADDED ENTRY ELEMENTS (KOHA)
Source of classification or shelving scheme Dewey Decimal Classification
Koha item type Books
Holdings
Withdrawn status Lost status Source of classification or shelving scheme Damaged status Not for loan Collection Home library Current library Shelving location Date acquired Total Checkouts Full call number Barcode Date last seen Date last checked out Price effective from Koha item type
    Dewey Decimal Classification     Juvenile Fiction Footprints International School Library Network Toul Kork Campus Footprints International School Library Network Toul Kork Campus TK Primary Library Room(4th Floor), Bookcase 3&4, Shelves 17-32, Yellow Books 05/11/2023 3 DON 823.92 D6758 2023-0093 06/05/2025 03/13/2025 05/11/2023 Books